Detalles MARC
| 000 -LEADER |
| fixed length control field |
02025nam a2200205Ia 4500 |
| 003 - CONTROL NUMBER IDENTIFIER |
| control field |
OSt |
| 005 - DATE AND TIME OF LATEST TRANSACTION |
| control field |
20210423104313.0 |
| 008 - FIXED-LENGTH DATA ELEMENTS--GENERAL INFORMATION |
| fixed length control field |
210310s1997 ck gr 000 0 spa d |
| 040 ## - CATALOGING SOURCE |
| Original cataloging agency |
CO-JMCR |
| Transcribing agency |
CO-JMCR |
| 041 ## - LANGUAGE CODE |
| Language code of text/sound track or separate title |
spa |
| 082 04 - DEWEY DECIMAL CLASSIFICATION NUMBER |
| Classification number |
364.68 / |
| Item number |
C139s |
| Edition number |
23 |
| 110 2# - MAIN ENTRY--CORPORATE NAME |
| Corporate name or jurisdiction name as entry element |
Seguros Caja Agraria |
| 9 (RLIN) |
37084 |
| 245 #0 - TITLE STATEMENT |
| Title |
Segundo simposio creditario sobre la prevension de lavado de activos |
| Statement of responsibility, etc. |
Caja Agraria |
| 260 ## - PUBLICATION, DISTRIBUTION, ETC. |
| Place of publication, distribution, etc. |
Bogotá : |
| Name of publisher, distributor, etc. |
Caja Social, |
| Date of publication, distribution, etc. |
1997. |
| 300 ## - PHYSICAL DESCRIPTION |
| Extent |
180 páginas ; |
| Dimensions |
24 cm. |
| 505 0# - FORMATTED CONTENTS NOTE |
| Title |
Instalación. / |
| Statement of responsibility |
Hernando Barreto Ardila. -- |
| Title |
El conocimiento del cliente. / |
| Statement of responsibility |
Claudia Eugenia Castillo López. -- |
| Title |
Detección de operaciones inusuales y determinación de las operaciones sospechas. / |
| Statement of responsibility |
Alberto Lozano Vila. -- |
| Title |
Comentarios prácticos sobre la prevención de lavado de activos en la Caja Agraria. / |
| Statement of responsibility |
Pablo Abel Rengifo Garzón. -- |
| Title |
Evaluación y proyección jurídica del lavado de activos. -- |
| Statement of responsibility |
Pablo Elías Gonzáles Monguí. -- |
| Title |
Omisión de control . Aspectos administrativos y penales. / |
| Statement of responsibility |
Hernando A. Hernández Quintero. -- |
| Title |
La policía nacional frente al lavado de activos. / |
| Statement of responsibility |
Humberto Castillo Saavedra. -- |
| Title |
El lavado de activos. / |
| Statement of responsibility |
Ivonne Alcalá Arévalo. -- |
| Title |
Hacia un nuevo concepto de control. / |
| Statement of responsibility |
William Ospina García. -- |
| Title |
El contrabando y los mercados negros de divisas como instrumento para el lavado de dinero. / |
| Statement of responsibility |
Carlos Augusto Oviedo Arbeláez. -- |
| Title |
Lavado de activos y extinción de dominio de bienes adquiridos ilícitamente. / |
| Statement of responsibility |
Camilo Sampedro Arrubla. -- |
| Title |
El SIPLA electoral, un elemento fundamental para la financiación de los partidos y movimientos políticos. / |
| Statement of responsibility |
Ricardo Lozano Forero. -- |
| Title |
La experiencia de las autoridades Británicas en la lucha contra el lavado de activos. / |
| Statement of responsibility |
Simón Batty. -- |
| Title |
Suiza y la prevención de lavado de activos. / |
| Statement of responsibility |
Jean Pierre Villard. -- |
| Title |
Prevención de lavado de activos en el negocio de seguros. / |
| Statement of responsibility |
Caja Agraria. |
| 650 14 - SUBJECT ADDED ENTRY--TOPICAL TERM |
| Topical term or geographic name entry element |
Lavado de activos |
| 9 (RLIN) |
25848 |
| 650 24 - SUBJECT ADDED ENTRY--TOPICAL TERM |
| Topical term or geographic name entry element |
Prevención de lavado de activos. |
| 9 (RLIN) |
37085 |
| 942 ## - ADDED ENTRY ELEMENTS (KOHA) |
| Source of classification or shelving scheme |
Dewey Decimal Classification |
| Koha item type |
Books |